00932nam a2200253 a 450000100100000000500170001000800410002704000250006808200260009310000360011924500850015525000110024026000450025130000210029649000260031765000340034365000350037770000470041283000340045991000320049304900090052595201290053499900150066300000485420200929151523.0730706s1980 es 000 p spa d aDO-SdBNPbspacBNPHU aES861.44bD152t, 19801 aDalton, Roque,d1935-19759996110aTaberna y otros lugares /cRoque Dalton; prólogo de Italo López Vallecillos. a3a ed. aSan Salvador, El Salvador :bUCA,c1980. a143 p. ;c20 cm.1 aGavidia. Poesíav12 4aPoesía salvadoreña912306 4aLiteratura salvadoreña929291 aLópez Vallecillo, Italo,dpról.914077 0aGavidia. Poesía;v12914078 aCatalogación por copia WM aBNGR 001054708MOaGRbGRcHDd2009-07-27iLF1l0oES861.44 D152t, 1980p4854-10r2020-06-25w2020-06-25y4ZPréstamo en sala c4660d4660